<?xml version="1.0" encoding="UTF-8"?>
<record
    xmlns:xsi="http://www.w3.org/2001/XMLSchema-instance"
    xsi:schemaLocation="http://www.loc.gov/MARC21/slim http://www.loc.gov/standards/marcxml/schema/MARC21slim.xsd"
    xmlns="http://www.loc.gov/MARC21/slim">

  <leader>03492nam a2200577Ia 4500</leader>
  <controlfield tag="001">713</controlfield>
  <controlfield tag="008">241029s9999    xx            000 0 und d</controlfield>
  <datafield tag="010" ind1=" " ind2=" ">
    <subfield code="a">641</subfield>
  </datafield>
  <datafield tag="041" ind1=" " ind2=" ">
    <subfield code="a">Espa&#xF1;ol</subfield>
  </datafield>
  <datafield tag="082" ind1=" " ind2=" ">
    <subfield code="a">NO APLICA</subfield>
  </datafield>
  <datafield tag="245" ind1=" " ind2="0">
    <subfield code="a">Incidencia del desempe&#xF1;o de los/as orientadores/as en la implementaci&#xF3;n de las estrategias de orientaci&#xF3;n vocacional para favorecer la elecci&#xF3;n de carrera de los estudiantes egresados del Nivel Medio de San Francisco de Macor&#xED;s que ingresan al CURNE para el semestre 2011-2</subfield>
  </datafield>
  <datafield tag="260" ind1=" " ind2=" ">
    <subfield code="a">Duarte</subfield>
  </datafield>
  <datafield tag="300" ind1=" " ind2=" ">
    <subfield code="a">111</subfield>
  </datafield>
  <datafield tag="520" ind1=" " ind2=" ">
    <subfield code="a">18</subfield>
  </datafield>
  <datafield tag="630" ind1=" " ind2=" ">
    <subfield code="a">Desempe&#xF1;o Docente</subfield>
  </datafield>
  <datafield tag="630" ind1=" " ind2=" ">
    <subfield code="a">Motivaci&#xF3;n</subfield>
  </datafield>
  <datafield tag="630" ind1=" " ind2=" ">
    <subfield code="a">Nivel Medio</subfield>
  </datafield>
  <datafield tag="630" ind1=" " ind2=" ">
    <subfield code="a">Orientaci&#xF3;n Vocacional</subfield>
  </datafield>
  <datafield tag="630" ind1=" " ind2=" ">
    <subfield code="a">Prueba de Orientaci&#xF3;n</subfield>
  </datafield>
  <datafield tag="650" ind1=" " ind2=" ">
    <subfield code="a">Orientaci&#xF3;n</subfield>
  </datafield>
  <datafield tag="690" ind1=" " ind2=" ">
    <subfield code="a">Copiado sin cambios</subfield>
  </datafield>
  <datafield tag="700" ind1=" " ind2=" ">
    <subfield code="e">asesor</subfield>
    <subfield code="a">Mena, Alma</subfield>
  </datafield>
  <datafield tag="700" ind1=" " ind2=" ">
    <subfield code="e">autor</subfield>
    <subfield code="a">Castillo Hern&#xE1;ndez, Zurisad&#xE1;i</subfield>
  </datafield>
  <datafield tag="700" ind1=" " ind2=" ">
    <subfield code="e">autor</subfield>
    <subfield code="a">Dur&#xE1;n Hern&#xE1;ndez, Sarah Togarma</subfield>
  </datafield>
  <datafield tag="901" ind1=" " ind2=" ">
    <subfield code="a">{"1":"Castillo Hern&#xE1;ndez","2":"Dur&#xE1;n Hern&#xE1;ndez"}</subfield>
    <subfield code="b">{"1":"Zurisad&#xE1;i","2":"Sarah Togarma"}</subfield>
  </datafield>
  <datafield tag="902" ind1=" " ind2=" ">
    <subfield code="a">1</subfield>
  </datafield>
  <datafield tag="903" ind1=" " ind2=" ">
    <subfield code="a">{"1":"Mena"}</subfield>
    <subfield code="b">{"1":"Alma"}</subfield>
  </datafield>
  <datafield tag="904" ind1=" " ind2=" ">
    <subfield code="a">Maestr&#xED;a en</subfield>
  </datafield>
  <datafield tag="905" ind1=" " ind2=" ">
    <subfield code="a">Ense&#xF1;anza Superior</subfield>
  </datafield>
  <datafield tag="906" ind1=" " ind2=" ">
    <subfield code="a">2</subfield>
  </datafield>
  <datafield tag="907" ind1=" " ind2=" ">
    <subfield code="a">NO APLICA</subfield>
  </datafield>
  <datafield tag="908" ind1=" " ind2=" ">
    <subfield code="a">NO APLICA</subfield>
  </datafield>
  <datafield tag="909" ind1=" " ind2=" ">
    <subfield code="a">Universidad Aut&#xF3;noma de Santo Domingo (UASD)</subfield>
  </datafield>
  <datafield tag="910" ind1=" " ind2=" ">
    <subfield code="a">NULL</subfield>
    <subfield code="b">NULL</subfield>
  </datafield>
  <datafield tag="911" ind1=" " ind2=" ">
    <subfield code="a">["1"]</subfield>
  </datafield>
  <datafield tag="912" ind1=" " ind2=" ">
    <subfield code="a">NO APLICA</subfield>
  </datafield>
  <datafield tag="913" ind1=" " ind2=" ">
    <subfield code="a">NULL</subfield>
  </datafield>
  <datafield tag="914" ind1=" " ind2=" ">
    <subfield code="a">07 de Octubre de 2013</subfield>
  </datafield>
  <datafield tag="915" ind1=" " ind2=" ">
    <subfield code="a">20/07/15 01:07</subfield>
  </datafield>
  <datafield tag="916" ind1=" " ind2=" ">
    <subfield code="a">NULL</subfield>
  </datafield>
  <datafield tag="917" ind1=" " ind2=" ">
    <subfield code="a">NULL</subfield>
  </datafield>
  <datafield tag="918" ind1=" " ind2=" ">
    <subfield code="a">NO APLICA</subfield>
  </datafield>
  <datafield tag="919" ind1=" " ind2=" ">
    <subfield code="a">["62","143","240","150","220"]</subfield>
  </datafield>
  <datafield tag="520" ind1=" " ind2=" ">
    <subfield code="a">El prop&#xF3;sito principal de esta investigaci&#xF3;n consisti&#xF3; en analizar la incidencia del desempe&#xF1;o de los/as orientadores/as en la implementaci&#xF3;n de las estrategias de orientaci&#xF3;n vocacional para favorecer la elecci&#xF3;n de carrera de los estudiantes egresados del Nivel Medio &#xA0;que ingresan al Centro Universitario Regional del Nordeste (CURNE) &#xA0;para el semestre 2012-2. Para realizar este estudio se &#xA0;utiliz&#xF3; el m&#xE9;todo transaccional descriptivo, &#xA0;se trabaj&#xF3; con una poblaci&#xF3;n de 2,675 estudiantes y 26 orientadores, para una muestra de 268 estudiantes &#xA0;y 26 orientadores, &#xA0;y se utilizo un cuestionario como instrumento.El estudio arroj&#xF3; como resultado, que como primer punto los/as orientadores/as no est&#xE1;n trabajando a cabalidad la identificaci&#xF3;n personal con los estudiantes aspirantes a ingresar a los estudios superiores. &#xA0;Como segundo punto, encontr&#xF3; que los/as orientadores/as no utilizan como estrategia invitar a profesionales en determinadas &#xE1;reas que expliquen a los estudiantes lo concerniente a su profesi&#xF3;n siendo esta una herramienta necesaria para una mejor decisi&#xF3;n vocacional. &#xA0;Se recomienda al Ministerio de Educaci&#xF3;n realizar jornadas de capacitaci&#xF3;n a orientadores y psic&#xF3;logos, con el objetivo de entrenarlos en la parte vocacional para que los estudiantes tengan una mejor decisi&#xF3;n de la carrera que desean estudiar. A los/as orientadores/as,&#xA0; que es necesario que el personal de orientaci&#xF3;n defina sus funciones, planeen sus servicios constantemente para que concuerden con las funciones propias de su labor y las necesidades de los estudiantes. &#xA0;Que trabajen de cerca con los estudiantes la identificaci&#xF3;n personal y el conocimiento de s&#xED; mismos a fin de que estos puedan hacer una mejor decisi&#xF3;n en su elecci&#xF3;n de carrera.</subfield>
  </datafield>
  <datafield tag="921" ind1=" " ind2=" ">
    <subfield code="a">16</subfield>
  </datafield>
  <datafield tag="922" ind1=" " ind2=" ">
    <subfield code="a">16</subfield>
  </datafield>
  <datafield tag="923" ind1=" " ind2=" ">
    <subfield code="a">0</subfield>
  </datafield>
  <datafield tag="924" ind1=" " ind2=" ">
    <subfield code="a">NO APLICA</subfield>
  </datafield>
  <datafield tag="942" ind1=" " ind2=" ">
    <subfield code="c">Tesis</subfield>
  </datafield>
  <datafield tag="999" ind1=" " ind2=" ">
    <subfield code="c">641</subfield>
    <subfield code="d">641</subfield>
  </datafield>
</record>
